000 00675nam a2200253Ia 4500
003 OSt
005 20220928131348.0
006 a|||||r|||| 00| 0
007 ta
008 220927b |||||||| |||| 00| 0 eng d
024 _a111659
037 _cTextual
040 _aSDCL
_cSDCL
_beng
041 _2eng
_aeng
082 _aD651:911, N9
100 _aMallat Stephane
_9477805
245 0 _aWavelet tour of signal processing.
250 _a2
260 _aCalifornia
_bAcademic Press
_c1999
300 _axxiv,637p.
_ccm.
650 _aSignal Processing
_9449298
942 _hD651:911, N9
_cTEXL
_2CC
999 _c790307
_d790307